00245nam a2200097Ia 4500008004100000041000800041100003000049245002300079260003700102365000800139231011s9999 xx 000 0 und d aeng aBhattacharya and Sengupta aExporters Handbook bGlobal Business Press Delhi-95 - b550